Cities Chain Through All Continents - Statistics

General Stats
  • This quiz has been taken 39 times
  • The average score is 29 of 50
Answer Stats
Continent Hint City % Correct
Canadian capital Ottawa
94%
North America Largest city in Alaska Anchorage
90%
The City that never Sleeps New York City
90%
Nicaraguan capital Managua
84%
City in Alberta Edmonton
81%
“The City of Lights” Paris
81%
City known for a statue of Christ Rio de Janeiro
81%
City known for tulips, bikes, and canals Amsterdam
77%
Home of the Disneyland Resort Anaheim
77%
Paraguayan capital Asunción
77%
City known for its pizza Naples
77%
Capital of the Bahamas Nassau
77%
Bulgarian capital Sofia
77%
City known for the outbreak of COVID-19 Wuhan
77%
City famous for the Taj Mahal Agra
74%
Largest city in Pakistan Lahore
74%
Moroccan capital Rabat
74%
Largest urban area in Scandinavia Stockholm
74%
City near the ancient city of Carthage Tunis
74%
Western Texan city El Paso
71%
City also in Europe Istanbul
71%
Also known as Calcutta Kolkata
71%
Second most populous city in the EU Madrid
71%
Egyptian city on a canal Suez
71%
City on a Tanzanian island of the same name Zanzibar
71%
Belgian city known for the diamond trade Antwerp
68%
South America Second-largest Colombian city Medellin
68%
City founded by Francisco Pizarro in 1535 Lima
65%
Mauritanian capital Nouakchott
61%
Europe Coastal Ukrainian city Odessa
61%
Africa City that Gaddafi ruled Tripoli
61%
City in Turkmenistan Ashgabat
55%
Largest city in Northwestern Territories Yellowknife
55%
Large city in Uttar Pradesh, India Lucknow
48%
Asia City in the Xinjiang region of China Urumqi
48%
Capital of the African Union Addis Ababa
45%
City in Iraqi Kurdistan Erbil
45%
Largest city in Siberia Novosibirsk
45%
Capital of Madagascar Antananarivo
42%
Large Yoruba city in Nigeria Ibadan
42%
Large city in Bahia, Brazil Salvador
42%
Closest Brazilian city to Africa Natal
39%
Literally, “Hot Springs City” Austin
23%
Capital of Tatarstan in Russia Kazan
23%
City formerly known as Stalino Donetsk
19%
Formerly known as Maxambamba Nova Iguacu
10%
City known for its traditional Algerian carpets Tebessa
10%
Large city in Minas Gerais, Brazil Uberlandia
10%
Brazilian city sharing the name of a US city Anapolis
6%
Technically a municipality of Sao Paulo Osasco
3%
No matching quizzes found
Score Distribution
Percent of People with Each Score
Percentile by Number Answered
Your Score History
You have not taken this quiz